000 002490000a22000970004500
100 1 _aLimpic, Ted
245 1 0 _aPractical helps : Christian and mission handbooks
300 _aNúm 75 (1996), Páginas 7
773 0 _tWorld Evangelization
942 _cANA
999 _c57532
_d57532